000
00213 a2200097 4500
001
8355
090
_c
6727
_d
6727
100
_a
Anderson, K
245
_a
The black panther of sivani palli (Tansfred to SOA)
260
_b
Allen
942
_a
NUST-CAE
999
_c
243428
_d
243428